000 00836cam a22002773a 4500
001 21127
003 PGUSA
005 20140828083441.0
008 070417s2007||||xxu|||||s|||||000 1 eng d
040 _aPGUSA
_beng
042 _adc
050 4 _aPR
100 1 _aThurston, Katherine Cecil,
_d1875-1911
245 1 4 _aThe Mystics :
_bA Novel
_h[electronic resource] /
_cKatherine Cecil Thurston
260 _bProject Gutenberg,
_c2007
506 _aPublic domain in the USA.
516 _aElectronic text
653 _aInheritance and succession -- Fiction
653 _aCults -- Fiction
653 _aImpostors and imposture -- Fiction
653 _aUncles -- Fiction
653 _aMan-woman relationships -- Fiction
830 0 _aProject Gutenberg
_v21127
856 4 0 _uhttp://www.gutenberg.org/ebooks/21127
942 _cEB
999 _c250382
_d250382